German football players by picture - Statistics

General Stats
  • This quiz has been taken 152 times
  • The average score is 13 of 15
Answer Stats
Picture Answer % Correct
Manuel Neuer
100%
Mesut Özil
97%
Toni Kroos
97%
Jérôme Boateng
91%
Philipp Lahm
91%
Mario Götze
89%
Oliver Kahn
88%
Joshua Kimmich
86%
Bastian Schweinsteiger
85%
Gerd Müller
85%
Miroslav Klose
85%
Michael Ballack
79%
Franz Beckenbauer
76%
Lothar Matthäus
61%
Rudi Völler
58%
No matching quizzes found
Score Distribution
Percent of People with Each Score
Percentile by Number Answered
Your Score History
You have not taken this quiz